[Event "GER-ch U14 Girls"]
[Site "Oberhof"]
[Date "2012.05.31"]
[Round "7"]
[White "Eltze, Marlen"]
[Black "Wheeler, Sara"]
[Result "0-1"]
[WhiteElo "1183"]
[BlackElo "1320"]
[PlyCount "150"]
[EventDate "2012.05.27"]
[EventType "swiss"]
[EventRounds "9"]
[EventCountry "GER"]
[SourceTitle "CBM 148 Extra"]
[Source "ChessBase"]
[SourceDate "2012.06.22"]
[SourceVersion "1"]
[SourceVersionDate "2012.06.22"]
[SourceQuality "1"]

1. e4 c5 2. Nc3 d6 3. f4 g6 4. Bc4 Bg7 5. Nf3 Nc6 6. d3 e6 7. 0-0 Nge7 8. Qe1 0-0 9. Qh4 d5 10. Bb3 dxe4 11. dxe4 Nd4 12. Nxd4 Bxd4+ 13. Kh1 Bg7 14. f5 exf5 15. Bh6 Nc6 16. Qxd8 Rxd8 17. Bg5 Rf8 18. exf5 Bxf5 19. Nd5 Nd4 20. Ne7+ Kh8 21. Nxf5 Nxf5 22. c3 h6 23. Bf4 Kg8 24. Bd5 g5 25. Bxb7 Rae8 26. Bd2 Nd6 27. Bf3 Rb8 28. b3 Rfd8 29. Rad1 Nb5 30. c4 Nc3 31. Bxc3 Bxc3 32. Bd5 Rd7 33. Rf3 Bd4 34. Rdf1 Rf8 35. Rf5 Kg7 36. h4 gxh4 37. Kh2 Re7 38. Kh3 f6 39. Kxh4 Re2 40. a4 Rfe8 41. Rb1 Kg6 42. g4 h5 43. Rxh5 Rh2+ 44. Kg3 Rxh5 45. gxh5+ Kh6 46. Bf3 Rg8+ 47. Kf4 Be5+ 48. Ke4 Rd8 49. Kf5 Rd4 50. Be2 Rf4+ 51. Ke6 Bc3 52. Kd6 Rf2 53. Bd1 Bb4 54. Kd5 a6 55. Ke4 a5 56. Bg4 Kg5 57. Rg1 Rf4+ 58. Kd5 Rxg4 59. Rxg4+ Kxg4 60. h6 Bc3 61. Ke4 f5+ 62. Kd3 Be5 63. h7 f4 64. Ke2 Kg3 65. Kf1 Kg4 66. Kf2 Bd4+ 67. Kf1 Kg5 68. Ke2 Kg6 69. Kf3 Kf5 70. Ke2 Ke4 71. Kf1 Kf3 72. Ke1 Kg2 73. Ke2 f3+ 74. Ke1 f2+ 75. Kd2 f1Q 0-1

[Event "GER-ch U14 Girls"]
[Site "Oberhof"]
[Date "2012.05.29"]
[Round "5"]
[White "Sherif, Amina"]
[Black "Wheeler, Sara"]
[Result "1-0"]
[WhiteElo "1572"]
[BlackElo "1320"]
[PlyCount "73"]
[EventDate "2012.05.27"]
[EventType "swiss"]
[EventRounds "9"]
[EventCountry "GER"]
[SourceTitle "CBM 148 Extra"]
[Source "ChessBase"]
[SourceDate "2012.06.22"]
[SourceVersion "1"]
[SourceVersionDate "2012.06.22"]
[SourceQuality "1"]

1. e4 c5 2. Nc3 Nc6 3. f4 g6 4. Nf3 Bg7 5. Bb5 Nd4 6. 0-0 Nxb5 7. Nxb5 d6 8. d3 a6 9. Nc3 e6 10. Qe1 Ne7 11. Bd2 Bd7 12. Qf2 0-0 13. e5 Bc6 14. Rae1 Rb8 15. exd6 Qxd6 16. Ne5 Nd5 17. Ne4 Qc7 18. Qxc5 Rbd8 19. b3 Nb6 20. Ba5 Rd5 21. Qxb6 Qc8 22. Nc3 Rdd8 23. Nxc6 bxc6 24. Ne2 Rd5 25. Bc3 Rb5 26. Qe3 Bxc3 27. Nxc3 Rh5 28. Ne4 Qd8 29. Rf3 Rf5 30. Rg3 Qb8 31. Rf1 Qb4 32. c4 a5 33. Rg5 Rxg5 34. fxg5 a4 35. Nf6+ Kg7 36. Qd4 Rb8 37. Nd5+ 1-0